| 000 | 00397nam a2200121Ia 4500 | ||
|---|---|---|---|
| 008 | 170221s9999 xx 000 0 und d | ||
| 100 | _aMonir Mir | ||
| 245 | _aPublic Sector Financial Management Reform: A Case Study of Local Government Agencies in Indonesia | ||
| 245 | _cMonir Mir and Wahyu Sutiyono | ||
| 260 | _c2012 | ||
| 650 | _xBusiness | ||
| 856 | _uhttp://ro.uow.edu.au/aabfj/vol7/iss4/7/ | ||
| 999 |
_c309687 _d309687 |
||